La responsabilidad extracontractual en la jurisprudencia
Saved in:
| Hovedforfatter: | |
|---|---|
| Andre forfattere: | |
| Format: | Bog |
| Sprog: | spansk |
| Udgivet: |
Santiago
LexisNexis
2007
|
| Udgivelse: | 1a. ed |
| Fag: | |
| Tags: |
Tilføj Tag
Ingen Tags, Vær først til at tagge denne postø!
|
MARC
| LEADER | 00000nam a2200000 a 4500 | ||
|---|---|---|---|
| 001 | UCI0467 | ||
| 003 | CL-VaPUC | ||
| 008 | 070511e20070000CL |||||||||||||||||spa|d | ||
| 020 | |a 9789562386869 | ||
| 082 | 0 | 4 | |a 342.066 |b SCH |2 21 |
| 100 | 0 | |a Schopf Olea, Adrián |e author |9 520611 | |
| 700 | |a García Machmar, William |e autor |9 561941 | ||
| 245 | 1 | 3 | |a La responsabilidad extracontractual en la jurisprudencia |
| 250 | |a 1a. ed | ||
| 300 | |a 661 p | ||
| 942 | |c BK | ||
| 945 | |d 20070511 00:00:00 |a jtorresc | ||
| 260 | |a Santiago |b LexisNexis |c 2007 | ||
| 650 | 0 | |a Responsabilidad extracontractual |9 336742 | |
| 650 | 7 | |a RESPONSABILIDAD CIVIL |2 CL-VaPUC |9 520613 | |
| 650 | 0 | |a Constitución política |9 336925 | |
| 650 | 0 | |a Jurisprudencia |9 255952 | |
| 583 | |a last modification |c 20130305 11:15:36 |k Rodrigo Vera | ||
| 999 | |c 325620 |d 325618 | ||